00958nam a22002537a 45000010005000000030006000050050017000110080041000280200018000690400029000870500012001160820011001281000018001392450048001572500044002052600037002493000048002865050008003345200253003425210020005955210020006156500027006356500042006625398FISKH20250815125912.0241203b cb ||||| |||| 00| 0 eng d a9780545136716 aFISKHbengcFISKHdFISKH aS417.C3 a630.92 aBolden, Tonya aGeorge Washington Carver /cby Tonya Bolden aFirst Scholastic printing, January 2009 aNew York : bScholastic ;c2008. a41 pages : bcolor illustrations ;c24 cm . aZ  aIllustrated with historical artifacts and photographs, a fresh look at a pioneering American innovator traces Carver's life, discoveries, and legacy as the first African-American to attend Iowa State College and as an inspirational conservationist.8 a910 bLexile 8 aZ bRaz-Plus  ainventorsvNon-fiction aGeorge Washington CarvervNon-fiction